000 00432 a2200169 4500
001 186029
020 _a85-16-01438-X
040 _cMagnum
100 _aChiavenato, Julio Jose
240 1 0 _aViolência no campo: o latifúndio e a reforma agrária
_lpor
245 1 0 _aViolência no campo: o latifúndio e a reforma agrária
300 _a70
362 0 _a1997
440 1 _aModerna
697 _aGEOGRAFIA GERAL
942 _cBK
999 _c186029
_d186029